[Event "Belgrade-chT Quality"]
[Site "Belgrade"]
[Date "2021.11.20"]
[Round "11.4"]
[White "Djerfi, Karolj"]
[Black "Popovic, Andrija"]
[Result "0-1"]
[WhiteElo "2208"]
[BlackElo "2132"]
[PlyCount "40"]
[EventDate "2021.10.16"]
[EventType "team-tourn"]
[EventRounds "11"]
[EventCountry "SRB"]
[SourceTitle "EXT 2023"]
[Source "ChessBase"]
[SourceDate "2022.10.05"]
[SourceVersion "1"]
[SourceVersionDate "2022.10.05"]
[SourceQuality "1"]
[WhiteTeam "Belgrade Mladenovac"]
[BlackTeam "Belgrade Polet"]
[WhiteTeamCountry "SRB"]
[BlackTeamCountry "SRB"]

1. d4 d5 2. Nf3 e6 3. e3 b6 4. Be2 Bd6 5. c4 Bb7 6. 0-0 Nd7 7. cxd5 exd5 8. Nc3 Ngf6 9. b3 c6 10. a4 Qe7 11. a5 bxa5 12. Bb2 Bb4 13. Bd3 Ne4 14. Bxe4 dxe4 15. Nd2 Nf6 16. Nc4 Nd5 17. Qc2 f5 18. Nxa5 0-0 19. Rfc1 Rac8 20. Nc4 Ba8 0-1

[Event "Belgrade-chT"]
[Site "Belgrade"]
[Date "2013.10.20"]
[Round "9.6"]
[White "Djerfi, Karolj"]
[Black "Cetkovic, Miodrag"]
[Result "1/2-1/2"]
[WhiteElo "2332"]
[BlackElo "2174"]
[PlyCount "24"]
[EventDate "2013.10.12"]
[EventType "team-tourn"]
[EventRounds "11"]
[EventCountry "SRB"]
[SourceTitle "EXT 2014"]
[Source "ChessBase"]
[SourceDate "2013.11.20"]
[SourceVersion "1"]
[SourceVersionDate "2013.11.20"]
[SourceQuality "1"]
[WhiteTeam "Post Stedionica"]
[BlackTeam "Belgrade Radnicki"]
[WhiteTeamCountry "SRB"]
[BlackTeamCountry "SRB"]

1. d4 f5 2. Nf3 d6 3. b3 Nf6 4. Bb2 g6 5. g3 Bg7 6. Bg2 0-0 7. 0-0 c6 8. c4 Qe8 9. d5 Na6 10. Nc3 Bd7 11. Qd2 h6 12. Nd4 Nc5 1/2-1/2

[Event "Belgrade-chT"]
[Site "Belgrade"]
[Date "2012.10.10"]
[Round "9.4"]
[White "Cetkovic, Miodrag"]
[Black "Djerfi, Karolj"]
[Result "1/2-1/2"]
[WhiteElo "2249"]
[BlackElo "2353"]
[PlyCount "23"]
[EventDate "2012.10.01"]
[EventType "team-tourn"]
[EventRounds "11"]
[EventCountry "SRB"]
[SourceTitle "CBM 150 Extra"]
[Source "ChessBase"]
[SourceDate "2012.10.19"]
[SourceVersion "1"]
[SourceVersionDate "2012.10.19"]
[SourceQuality "1"]
[WhiteTeam "Belgrade Radnicki"]
[BlackTeam "Belgrade Post Stedionica"]
[WhiteTeamCountry "SRB"]
[BlackTeamCountry "SRB"]

1. e4 c5 2. Nf3 e6 3. d4 cxd4 4. Nxd4 a6 5. Bd3 Nf6 6. Nc3 Qc7 7. 0-0 Be7 8. Kh1 0-0 9. f4 d6 10. Qf3 Bd7 11. Qg3 Nc6 12. Nxc6 1/2-1/2

[Event "Belgrade-chT"]
[Site "Belgrade"]
[Date "2012.10.04"]
[Round "4.4"]
[White "Djerfi, Karolj"]
[Black "Cerovic, Danilo"]
[Result "1/2-1/2"]
[WhiteElo "2353"]
[BlackElo "2327"]
[PlyCount "21"]
[EventDate "2012.10.01"]
[EventType "team-tourn"]
[EventRounds "11"]
[EventCountry "SRB"]
[SourceTitle "CBM 150 Extra"]
[Source "ChessBase"]
[SourceDate "2012.10.19"]
[SourceVersion "1"]
[SourceVersionDate "2012.10.19"]
[SourceQuality "1"]
[WhiteTeam "Belgrade Post Stedionica"]
[BlackTeam "Belgrade Delfin"]
[WhiteTeamCountry "SRB"]
[BlackTeamCountry "SRB"]

1. d4 Nf6 2. Nf3 e6 3. e3 b6 4. Bd3 Bb7 5. 0-0 c5 6. b3 Be7 7. Bb2 0-0 8. Qe2 cxd4 9. exd4 d6 10. c4 Nbd7 11. a4 1/2-1/2

[Event "Belgrade-chT"]
[Site "Belgrade"]
[Date "2012.10.03"]
[Round "3.1"]
[White "Vucinic, Gojko"]
[Black "Djerfi, Karolj"]
[Result "1/2-1/2"]
[WhiteElo "2208"]
[BlackElo "2353"]
[PlyCount "37"]
[EventDate "2012.10.01"]
[EventType "team-tourn"]
[EventRounds "11"]
[EventCountry "SRB"]
[SourceTitle "CBM 150 Extra"]
[Source "ChessBase"]
[SourceDate "2012.10.19"]
[SourceVersion "1"]
[SourceVersionDate "2012.10.19"]
[SourceQuality "1"]
[WhiteTeam "Belgrade Sigurnost"]
[BlackTeam "Belgrade Post Stedionica"]
[WhiteTeamCountry "SRB"]
[BlackTeamCountry "SRB"]

1. e4 c5 2. Nf3 e6 3. d4 cxd4 4. Nxd4 a6 5. Bd3 Nf6 6. 0-0 Qc7 7. Qe2 d6 8. c4 g6 9. Nc3 Bg7 10. Nf3 Nbd7 11. Bf4 Nh5 12. Be3 0-0 13. Rac1 b6 14. Rfd1 Bb7 15. Bb1 Rfd8 16. Qd2 Nc5 17. Bd4 Nf6 18. b4 Ncd7 19. Be3 1/2-1/2

[Event "SRB-chT 1st League"]
[Site "Vrnjacka Banja"]
[Date "2010.08.23"]
[Round "3"]
[White "Marinkovic, Ivan"]
[Black "Djerfi, Karolj"]
[Result "1-0"]
[WhiteElo "2422"]
[BlackElo "2359"]
[PlyCount "37"]
[EventDate "2010.08.21"]
[EventType "team-tourn"]
[EventRounds "11"]
[EventCountry "YUG"]
[SourceTitle "CBM 138 Extra"]
[Source "ChessBase"]
[SourceDate "2010.10.29"]
[SourceVersion "1"]
[SourceVersionDate "2010.10.29"]
[SourceQuality "1"]

1. e4 c5 2. Nf3 e6 3. g3 Nc6 4. Bg2 g6 5. d4 cxd4 6. Nxd4 a6 7. Nxc6 dxc6 8. Qxd8+ Kxd8 9. e5 Kc7 10. Nd2 Bg7 11. Nc4 Ne7 12. a4 Rb8 13. a5 Nd5 14. 0-0 Bd7 15. Rd1 Bf8 16. Nd6 Be8 17. c4 Nb4 18. Be3 Bxd6 19. Bb6+ 1-0

[Event "Belgrade-chT"]
[Site "Belgrade"]
[Date "2009.10.04"]
[Round "1"]
[White "Jovanovic, Sasa T"]
[Black "Djerfi, Karolj"]
[Result "0-1"]
[WhiteElo "2285"]
[BlackElo "2356"]
[PlyCount "116"]
[EventDate "2009.10.04"]
[EventType "team-tourn"]
[EventRounds "9"]
[EventCountry "YUG"]
[SourceTitle "CBM 132 Extra"]
[Source "ChessBase"]
[SourceDate "2009.11.03"]
[SourceVersion "1"]
[SourceVersionDate "2009.11.03"]
[SourceQuality "1"]

1. d4 d5 2. c4 c6 3. Nc3 Nf6 4. e3 e6 5. Nf3 Nbd7 6. Bd3 dxc4 7. Bxc4 b5 8. Bd3 a6 9. e4 c5 10. e5 cxd4 11. Nxb5 axb5 12. exf6 gxf6 13. 0-0 Bb7 14. Re1 Bb4 15. Bd2 Bxd2 16. Nxd2 Qb6 17. Qh5 Nc5 18. Bf1 Rg8 19. b4 Nd7 20. Ne4 Bd5 21. Nc5 Ne5 22. Rxe5 fxe5 23. Qxe5 Rd8 24. g3 Bc4 25. Ne4 Rg6 26. Qh8+ Ke7 27. Qxh7 Bxf1 28. Qh4+ Kd7 29. Rxf1 d3 30. Rc1 Qd4 31. Qf4 Ke8 32. Qf3 f5 33. Qh5 Qg7 34. Nc5 Qh6 35. Qxh6 Rxh6 36. f4 Ke7 37. Rd1 d2 38. Nb3 Rhh8 39. Kg2 Rd5 40. h3 Ra8 41. Na5 Rc8 42. Kf2 Rc2 43. Ke2 Rxa2 44. g4 Rb2 45. g5 Kf7 46. Nc6 Kg7 47. h4 Rd6 48. Ne5 Rxb4 49. h5 Re4+ 50. Kf2 Rxf4+ 51. Kg3 Rfd4 52. Rh1 d1Q 53. h6+ Kf8 54. Rxd1 Rxd1 55. g6 Rg1+ 56. Kh4 Rd4+ 57. Kh5 Rd2 58. Nf3 Rdg2 0-1

[Event "Belgrade-chT"]
[Site "Belgrade"]
[Date "2008.10.08"]
[Round "4"]
[White "Radusinovic, Lazar"]
[Black "Djerfi, Karolj"]
[Result "1-0"]
[WhiteElo "2131"]
[BlackElo "2351"]
[PlyCount "141"]
[EventDate "2008.10.05"]
[EventType "team-tourn"]
[EventRounds "9"]
[EventCountry "YUG"]
[SourceTitle "CBM 126 Extra"]
[Source "ChessBase"]
[SourceDate "2008.11.05"]
[SourceVersion "1"]
[SourceVersionDate "2008.11.05"]
[SourceQuality "1"]

1. d4 d5 2. c4 c6 3. Nc3 Nf6 4. cxd5 cxd5 5. Bf4 Nc6 6. e3 a6 7. Bd3 e6 8. a3 Bd6 9. Bxd6 Qxd6 10. f4 Bd7 11. Nf3 Na5 12. Ne5 Rc8 13. 0-0 0-0 14. g4 Ne8 15. g5 f5 16. Qh5 Qe7 17. Rf3 g6 18. Qh6 Rc7 19. Rc1 Nd6 20. Rff1 Rfc8 21. Qh3 Nac4 22. Bxc4 Nxc4 23. Nxc4 dxc4 24. e4 Qd6 25. Qe3 Bc6 26. d5 exd5 27. exd5 Be8 28. Rfe1 Bf7 29. Qd4 Qc5 30. Qxc5 Rxc5 31. Na4 Rb5 32. d6 Rd8 33. Rcd1 Rd5 34. Rxd5 Bxd5 35. Rd1 b5 36. Rxd5 bxa4 37. Kf2 Kf7 38. Ke3 Ke6 39. Kd4 Kd7 40. Kxc4 Rb8 41. Kc3 Rb3+ 42. Kc2 Rh3 43. Rd2 a5 44. Kc1 h6 45. gxh6 Rxh6 46. Rd4 Rxh2 47. Rxa4 Kxd6 48. Rxa5 Rg2 49. b4 Rg4 50. Kd2 Rxf4 51. Ra6+ Kd5 52. Rxg6 Rf3 53. a4 Rb3 54. Rb6 f4 55. a5 f3 56. a6 Kd4 57. b5 Rb2+ 58. Ke1 Ra2 59. Rb7 Ke3 60. Re7+ Kf4 61. a7 f2+ 62. Kf1 Kg3 63. Rg7+ Kf3 64. Rf7+ Kg3 65. b6 Ra1+ 66. Ke2 Ra2+ 67. Kd3 Ra3+ 68. Kc2 Ra2+ 69. Kb3 Ra6 70. Kc4 Ra4+ 71. Kc5 1-0

[Event "Belgrade tt Cup"]
[Site "Belgrade"]
[Date "2007.04.13"]
[Round "5.1"]
[White "Cobic, Vladimir"]
[Black "Djerfi, Karolj"]
[Result "1/2-1/2"]
[WhiteElo "2341"]
[BlackElo "2344"]
[PlyCount "56"]
[EventDate "2007.04.09"]
[EventType "team-tourn"]
[EventRounds "5"]
[EventCountry "YUG"]
[SourceTitle "EXT 2008"]
[Source "ChessBase"]
[SourceDate "2007.11.25"]
[SourceVersion "1"]
[SourceVersionDate "2007.11.25"]
[SourceQuality "1"]

1. f4 d5 2. Nf3 Nf6 3. g3 g6 4. Bg2 Bg7 5. 0-0 0-0 6. d3 b6 7. c4 dxc4 8. Ne5 c6 9. dxc4 Qc7 10. Nc3 Bb7 11. e4 b5 12. Be3 b4 13. Na4 Nbd7 14. Nd3 e5 15. f5 Rad8 16. Qe2 Bc8 17. g4 gxf5 18. gxf5 Kh8 19. b3 Rg8 20. Kh1 Bf8 21. Bf3 c5 22. Rg1 Be7 23. Bf2 Bb7 24. Bg3 Rg7 25. Nab2 Rdg8 26. Nd1 Ng4 27. N1f2 Nxf2+ 28. Nxf2 Bg5 1/2-1/2